• 首页
  • 本馆介绍
  • 公告通知
  • 最新文献
  • 馆藏检索
  • 电子资源
  • 读者导购
  • 参考咨询
  • 我的图书馆
  • 登录
  • 详细信息显示
  • 放入我的书架
  • 预约/预借图书
  • 作者相关作品
  • 分类相关作品
  • 丛书相关作品
  • 出版社相关作品

书目信息

  • 表格格式
  • 工作单格式
  • 卡片格式
题名:
无机与分析化学
    
 
作者: 陈虹锦 主编
分册:  
出版信息: 北京   科学出版社  2008
页数: 548页
开本: 24cm
丛书名:
单 册:
中图分类: O61 , O65
科图分类:
主题词: 无机化学--高等学校--教材 , 分析化学--高等学校--教材 , 无机化学 , 分析化学
电子资源:
ISBN: 978-7-03-021961-9
000 00918nam0 2200301 450
001 012015000580
005 20150914154406.56
010    @a978-7-03-021961-9@dCNY49.00
100    @a20081020d2008 em y0chiy0110 ea
101 0  @achi
102    @aCN@b110000
105    @aa z 000yy
106    @ar
200 1  @a无机与分析化学@Awu ji yu fen xi hua xue@f陈虹锦主编
205    @a2版
210    @a北京@c科学出版社@d2008
215    @a548页@c图@d24cm
300    @a21世纪高等院校教材
330    @a本书内容包括:化学热力学初步、化学平衡、化学反应速率、原子结构、化学键与分子结构、定量分析概论、酸碱平衡与酸碱滴定法等。
606 0  @a无机化学@x高等学校@j教材
606 0  @a分析化学@x高等学校@j教材
606 0  @a无机化学
606 0  @a分析化学
690    @aO61@v5
690    @aO65@v5
701  0 @a陈虹锦@Achen jin@c(化学)@4主编
801  0 @aCN@b碧洲教育@c20150718
905    @a10447@f3@dO61@e163=2
    
    无机与分析化学/陈虹锦主编.-2版.-北京:科学出版社,2008
    548页:图;24cm
    21世纪高等院校教材
    
    ISBN 978-7-03-021961-9:CNY49.00
    本书内容包括:化学热力学初步、化学平衡、化学反应速率、原子结构、化学键与分子结构、定量分析概论、酸碱平衡与酸碱滴定法等。
●
相关链接 在E读中查询图书 在五车中查询图书 在当当中查询图书 在豆瓣中查询图书


正题名:无机与分析化学     索取号:O61/163=2         预约/预借

序号 登录号 条形码 馆藏地/架位号 状态 备注
1 0848828   208488288   第二样本阅览室/ [索取号:O61/163=2] 在馆    
2 0848829   208488297   密集书库-化学系/ [索取号:O61/163=2] 在馆    
3 0848830   208488304   第三借阅区/ [索取号:O61/163=2] 在馆    
唐山师范学院图书馆 欢迎您!
大连网信软件有限公司© 版权所有